Ecuaciones diferenciales elementasles./C.H.Edward (Registro nro. 25774)
[ vista simple ]
| 000 -LÍDER | |
|---|---|
| fixed length control field | 00329nam a2200133 4500 |
| 020 ## - NÚMERO INTERNACIONAL NORMALIZADO PARA LIBROS | |
| ISBN | 968-880-414-2 |
| 050 ## - SIGNATURA TOPOGRAFICA DE LA BIBLIOTECA DEL CONGRESO (LC) | |
| Número de Clasificación | QA371 1994 E26 |
| 082 ## - NUMERO DE CLASIFICACION DECIMAL DEWEY | |
| Número de Clasificación | 515.35 E527e |
| 100 ## - ASIENTO PRINCIPAL--NOMBRE PERSONAL | |
| Nombre personal | Edward C.H. |
| 245 ## - TÍTULO | |
| Título | Ecuaciones diferenciales elementasles./C.H.Edward |
| 260 ## - PUBLICACIÓN, DISTRIBUCIÓN, ETC. (PIE DE IMPRENTA) | |
| Lugar de publicación, distribución, etc. | Mexico:Pearson. |
| 300 ## - DESCRIPCIÓN FÍSICA | |
| Extensión | 772p./35cm. |
| 650 ## - ASIENTO SECUNDARIO DE MATERIA - TERMINO TEMÁTICO | |
| Término temático o nombre geográfico como elemento de entrada | 1.ECUACIONES. |
| No. biblioteca | No. biblioteca | Número de clasificación | Código de barras/Número de adquisición | Número de copia | Tipo de material |
|---|---|---|---|---|---|
| LUIS G. INCLAN | LUIS G. INCLAN | 515.35 E527e | 35107 | 16 | Libros |
